| 000 | 00000nam 2200000zi 4500 |
| 001 | 9.867801 |
| 003 | CaOODSP |
| 005 | 20221107162417 |
| 006 | m o d f |
| 007 | cr ||||||||||| |
| 008 | 190130s1959 onc ot f|0| 0 eng d |
| 040 | |aCaOODSP|beng|erda|cCaOODSP |
| 043 | |an-cn--- |
| 086 | 1 |aM38-1/51-1959E-PDF |
| 100 | 1 |aFaye, G. H., |eauthor. |
| 245 | 10|aRadiochemical evaluation of fire assay method for determination of silver / |cby G. H. Faye and W. R. Inman. |
| 264 | 1|aOttawa, Ontario : |bDepartment of Mines and Technical Surveys, |c1959. |
| 300 | |a1 online resource (7 pages) |
| 336 | |atext|btxt|2rdacontent |
| 337 | |acomputer|bc|2rdamedia |
| 338 | |aonline resource|bcr|2rdacarrier |
| 490 | 1 |aMines Branch Research Report ; |vR 51 |
| 500 | |a"Reprinted from Analytical Chemistry, Vol. 31, No. 6, June 1959." |
| 500 | |a"June 1959." |
| 504 | |aIncludes bibliographic references. |
| 692 | 07|2gccst|aMetals |
| 700 | 1 |aInman, W. R., |eauthor. |
| 710 | 1 |aCanada. |bDepartment of Mines and Technical Surveys. |
| 710 | 1 |aCanada. |bMines Branch. |
| 830 | #0|aResearch report (Canada. Mines Branch)|vR 51.|w(CaOODSP)9.855660 |
| 856 | 40|qPDF|s1.88 MB|uhttps://publications.gc.ca/collections/collection_2019/rncan-nrcan/m38-1/M38-1-51-1959-eng.pdf |